00000000nam 2200000zi 4500
0019.936437
003CaOODSP
00520250109083604
006m     o  d f      
007cr |n|||||||||
008240321s1972    oncda   o    f|0| 0 eng d
022 |z1188-9861
040 |aCaOODSP|beng|erda|cCaOODSP
043 |an-cn---
0861 |aEn4-695/1972E-PDF
24500|aEnvironmental Partners Fund : |bnational review.
264 1|a[Ottawa] : |bEnvironment Canada = Environnement Canada, |c[1972]
300 |a1 online resource (36 pages) : |bcharts, illustrations
336 |atext|btxt|2rdacontent
337 |acomputer|bc|2rdamedia
338 |aonline resource|bcr|2rdacarrier
500 |aDigitized edition from print [produced by Environment and Climate Change Canada].
650 0|aEnvironmental protection|zCanada|xCitizen participation.
650 0|aEnvironmental policy|zCanada.
650 0|aSustainable development|zCanada.
650 6|aEnvironnement|xProtection|zCanada|xParticipation des citoyens.
650 6|aEnvironnement|xPolitique gouvernementale|zCanada.
650 6|aDéveloppement durable|zCanada.
7101 |aCanada. |bEnvironment Canada, |eissuing body.
85640|qPDF|s26.20 MB|uhttps://publications.gc.ca/collections/collection_2025/eccc/en4/En4-695-1972-eng.pdf